| 000 | 01073cam a2200301 i 4500 | ||
|---|---|---|---|
| 001 | 59198 | ||
| 003 | Mx-PuUPA | ||
| 005 | 20251022134106.0 | ||
| 008 | 140415s1972 sp gr 000 0 spa d | ||
| 017 | _aBI.1323-1972 | ||
| 040 |
_aMx-PuUPA _bspa _cMx-PuUPA _dMx-PuUPA _erda |
||
| 041 | 1 |
_aspa _hger |
|
| 100 | 1 |
_aDahms, Hellmuth Guenther, _eautor |
|
| 240 | 1 | 0 |
_aDas zwiten weltkrieg. _lEspañol |
| 245 | 1 | 3 |
_aLa Segunda Guerra Mundial / _cHellmuth Guenther Dahms ; Víctor Scholz, traducción |
| 250 | _a1a ed. | ||
| 264 | 1 |
_aBarcelona, España : _bEditorial Bruguera, _c1972 |
|
| 300 |
_a446 páginas ; _c18 cm. |
||
| 336 |
_2rdacontent _atexto _btxt |
||
| 337 |
_2rdamedia _asin medio _bn |
||
| 338 |
_2rdacarrier _avolumen _bnc |
||
| 650 | 7 |
_2armarc _913986 _aGuerra Mundial II, 1939-1945 _xHistoria |
|
| 700 | 1 |
_aScholz, Víctor, _eautor |
|
| 765 | 0 |
_aDahms, Hellmuth Guenther _tDas zwiten weltkrieg. _dHermann Leins, Tübingen : Rainer Wunderlich Verlag, 1963 |
|
| 942 |
_2ddc _cLI _h940.53 _iD25 |
||
| 999 |
_c59198 _d59198 |
||